000 01475cam a2200385 a 4500
001 EDZ0000020834
003 StDuBDS
005 20161031105217.0
006 m||||||||d||||||||
007 cr |||||||||||
008 110208s2011 caua fo| 001|0|eng|d
020 _a9781446201008 (ebook) :
_cNo price
040 _aStDuBDS
_beng
_cStDuBDS
_epn
049 _aAlfaisal Main Library
050 0 _aHF5414
_b.S3 2011
082 0 4 _a658.8
_223
245 0 4 _aThe SAGE handbook of social marketing
_h[electronic resource] /
_cedited by Gerard Hastings, Kathryn Angus and Carol Bryant.
246 3 0 _aSocial marketing
260 _aThousand Oaks, Calif. :
_bSAGE,
_c2011.
300 _a1 online resource (xxvi, 442 p.) :
_bill.
520 8 _aThis benchmark handbook brings together a systematic framework and state-of-the-art thinking to provide complete coverage of the social marketing discipline.
521 _aSpecialized.
588 _aDescription based on print version record.
504 _aIncludes bibliographical references and index.
650 0 _aSocial marketing.
655 7 _aElectronic books.
_2local
700 1 _aHastings, Gerard
_c(Professor)
700 1 _aAngus, Kathryn.
700 1 _aBryant, Carol A.
710 2 _aSage eBooks
730 0 _aSAGE reference online.
776 0 8 _iPrint version :
_z9781849201889
856 4 0 _uhttp://ezproxy.alfaisal.edu/login?url=http://sk.sagepub.com/reference/hdbk_socialmarketing
942 _2lcc
_cEBOOKS
999 _c481762
_d481762